Allah ka paigham-e-mohabbat (Record no. 576778)
[ view plain ]
| 000 -LEADER | |
|---|---|
| fixed length control field | 00319nam a22001217a 4500 |
| 082 ## - DEWEY DECIMAL CLASSIFICATION NUMBER | |
| Classification number | 297.1225 UMM |
| 100 ## - MAIN ENTRY--PERSONAL NAME | |
| Personal name | Umme Warda |
| 9 (RLIN) | 69539 |
| 245 ## - TITLE STATEMENT | |
| Title | Allah ka paigham-e-mohabbat |
| 260 ## - PUBLICATION, DISTRIBUTION, ETC. | |
| Place of publication, distribution, etc. | India |
| Name of publisher, distributor, etc. | Educational Publishing House India |
| Date of publication, distribution, etc. | 2017 |
| 300 ## - PHYSICAL DESCRIPTION | |
| Extent | 1166 |
| 650 ## - SUBJECT ADDED ENTRY--TOPICAL TERM | |
| Topical term or geographic name entry element | Allah Ka Paigham-e-Mohabbat |
| 9 (RLIN) | 69540 |
| 942 ## - ADDED ENTRY ELEMENTS (KOHA) | |
| Koha item type | Book |
| Withdrawn status | Lost status | Damaged status | Not for loan | Collection code | Permanent Location | Current Location | Shelving location | Date acquired | Total Checkouts | Full call number | Barcode | Date last seen | Price effective from | Koha item type |
|---|---|---|---|---|---|---|---|---|---|---|---|---|---|---|
| College of Electrical & Mechanical Engineering (CEME) | College of Electrical & Mechanical Engineering (CEME) | General Stacks | 09/02/2019 | 297.1225 UMM | CEME-49544 | 06/28/2021 | 06/28/2021 | Book |
